Countries that Recognize Kosovo, Palestine, and Western Sahara - Statistics

General Stats
  • This quiz has been taken 36 times
  • The average score is 4 of 15
Answer Stats
Answer % Correct
Mauritania
53%
Yemen
53%
Libya
47%
Tanzania
30%
Liberia
27%
Sierra Leone
27%
Lesotho
23%
El Salvador
20%
Belize
17%
Ghana
17%
Honduras
17%
Guyana
13%
East Timor
10%
Suriname
10%
Vanuatu
10%
No matching quizzes found
Score Distribution
Percent of People with Each Score
Percentile by Number Answered
Your Score History
You have not taken this quiz